A política exterior do império / (Record no. 1336)
[ view plain ]
| 000 -LÍDER | |
|---|---|
| Campo Fixo de Controle | 00867nam a2200253 a 4500 |
| 001 - NÚMERO DE CONTROLE | |
| Campo de Controle | 1336 |
| 003 - IDENTIFICAÇÃO DO NÚMERO DE CONTROLE | |
| Campo de Controle | BR-CuiBMT |
| 005 - DATA E HORA DA ÚLTIMA ATUALIZAÇÃO | |
| Campo de Controle | 20231208010508.0 |
| 008 - DADOS FIXOS | |
| Dados Fixos | 231205s1998 d 000 0 por d |
| 040 ## - AGÊNCIA CATALOGADORA | |
| Código da Agência Catalogadora | BR-CuiBMT |
| Agência que transcreveu o registro | BR-CuiBMT |
| 080 ## - Nº DA CLASSIFICAÇÃO DECIMAL UNIVERSAL | |
| Nº edição CDU | 2007 |
| Nº Class. CDU | 94:32 |
| Subd. Auxiliar Comum | (81) |
| 090 ## - NÚMERO DE CHAMADA | |
| Nº classificação | 94:32(81) |
| Cutter | C165p |
| 100 1# - ENTRADA PRINCIPAL -- AUTOR PESSOAL | |
| Nome pessoal | Calógeras, João Pandiá, |
| Datas associadas ao nome | 1870-1934 |
| 245 12 - TÍTULO PRINCIPAL | |
| Título principal | A política exterior do império / |
| Indicação de responsabilidade | J. Pandiá Calógeras. |
| 260 ## - PUBLICAÇÃO, DISTRIBUIÇÃO, ETC. | |
| Local de publicação | Brasília : |
| Editora | Senado Federal, |
| Data | 1998. |
| 300 ## - DESCRIÇÃO FÍSICA | |
| N. páginas ou volumes | 3 v. : |
| Ilustrações | il. ; |
| Dimensões | 23 cm |
| 490 1# - INDICAÇÃO DE SÉRIE | |
| Título da série | Coleção biblioteca básica brasileira |
| 505 0# - NOTA DE CONTEÚDO | |
| Nota de conteúdo | v. 1. As origens -- v. 2. O Primeiro Reinado -- v. 3. Da Regência à queda de Rosas. |
| 590 ## - NOTA LOCAL | |
| Nota local | A Biblioteca possui somente o volume 3. |
| 650 ## - ASSUNTO TÓPICO | |
| Cabeçalho tópico ou nome geográfico | Política externa |
| Subdivisão geográfica | Brasil |
| 650 ## - ASSUNTO TÓPICO | |
| Cabeçalho tópico ou nome geográfico | História |
| Subdivisão geográfica | Brasil |
| 830 #0 - ENTRADA SECUNDÁRIA DE SÉRIE -- TÍTULO UNIFORME | |
| Título uniforme | Coleção biblioteca básica brasileira |
| 942 ## - ELEMENTOS DE ENTRADA ADICIONAIS (KOHA) | |
| Fonte de classificação ou esquema de arquivamento | Classificação Decimal Universal |
| Tipo de item do Koha | Livros |
| Estado: removido | Estado: perdido | Fonte de classificação ou esquema de arquivamento | Estado: danificado | Indisponível para empréstimo | Localização permanente | Localização atual | Data de aquisição | Numeração serial ou cronológica (Volume) | Total Checkouts | Número de Chamada completo | Código de barras | Date last seen | Número do exemplar | Preço efetivo a partir de | Tipo de item (Koha) |
|---|---|---|---|---|---|---|---|---|---|---|---|---|---|---|---|
| Classificação Decimal Universal | Biblioteca da Escola Superior de Contas do TCE/MT | Biblioteca da Escola Superior de Contas do TCE/MT | 05/12/2023 | v. 3 | 94:32(81) C165p | BIBTCEMT23120176 | 05/12/2023 | Ex. 1 | 05/12/2023 | Livros |